Principles of field crop production / (Record no. 12097)

000 -LEADER
fixed length control field 00484cam a2200169 a 4500
020 ## - INTERNATIONAL STANDARD BOOK NUMBER
ISBN 0424001314
040 ## - CATALOGING SOURCE
Transcribing agency CU
082 ## - DEWEY DECIMAL CLASSIFICATION NUMBER
Classification number 633 SYD 1988 A041 Or.
245 00 - TITLE STATEMENT
Title Principles of field crop production /
250 ## - EDITION STATEMENT
Edition statement 2nd. ed.
260 ## - PUBLICATION, DISTRIBUTION, ETC. (IMPRINT)
Place of publication [Sydney] :
Name of publisher Sydney University Press,
Year of publication 1988.
300 ## - PHYSICAL DESCRIPTION
Number of Pages x, 463 p. :
Other physical details ill., maps ;
Dimensions 24 cm.
650 #0 - SUBJECT ADDED ENTRY--TOPICAL TERM
Topical Term Field crops
700 1# - ADDED ENTRY--PERSONAL NAME
Personal name Pratley, J. E.
856 42 - ELECTRONIC LOCATION AND ACCESS
Uniform Resource Identifier http://www.loc.gov/catdir/enhancements/fy0639/90114741-d.html
942 ## - ADDED ENTRY ELEMENTS (KOHA)
Koha item type សៀវភៅភាសាអង់គ្លេស
952 ## - LOCATION AND ITEM INFORMATION (KOHA)
Withdrawn status [LOCAL, KOHA] 0
Holdings
Permanent Location Date acquired Koha item type Lost status Shelving location Barcode Current Location Full call number
Library Block A2017-08-10សៀវភៅភាសាអង់គ្លេស A041A18252Library Block A633 SYD 1988 A041 Or.
មជ្ឈមណ្ឌលឯការនៃសាកលវិទ្យាល័យភូមិន្ទកសិកម្មចំការដូង

Powered by Koha